| 000 | 00704nam a2200229Ia 4500 | ||
|---|---|---|---|
| 001 | 22738 | ||
| 003 | GE_BSU | ||
| 008 | 181216s||||||||xx |||||||||||||| ||und|| | ||
| 020 | _a9783192017414 | ||
| 040 | _cGE_BSU | ||
| 100 | _aBayerlin, Oliver. | ||
| 245 | _aLandeskunde: Praktische Orienterungen fur Deutschlond Osterreich und die Schweiz: aktiv: Niveaustufen ab A2 | ||
| 245 | _bDeutsch als Fremdsprache | ||
| 260 | _aMunchen | ||
| 260 | _bVerlag | ||
| 260 | _c2013 | ||
| 300 | _aCD | ||
| 541 | _h84gel. | ||
| 653 | _aLandeskunde: Praktische Orienterungen fur Deutschlond Osterreich und die Schweiz: aktiv: Niveaustufen ab A2 | ||
| 653 | _aგერმანული ენა | ||
| 942 | _cCF | ||
| 999 |
_c55643 _d55643 |
||